00274nam a2200109Ia 450000500170000000800410001710000200005824500510007826000150012930000110014465000090015520260328101445.0260328s9999||||xx |||||||||||||| ||und|| aOrtega, José  0aLa Deshumanización del Arte /cJosé Ortega bEl Arquero a209 p. aARTE